Money matters for teens workbook : (Record no. 296224)
[ view plain ]
| 000 -LEADER | |
|---|---|
| fixed length control field | 00677nam a22001937a 4500 |
| 003 - CONTROL NUMBER IDENTIFIER | |
| control field | SISC |
| 005 - DATE AND TIME OF LATEST TRANSACTION | |
| control field | 20160707164516.0 |
| 008 - FIXED-LENGTH DATA ELEMENTS--GENERAL INFORMATION | |
| fixed length control field | 160707b xxu||||| |||| 00| 0 eng d |
| 020 ## - INTERNATIONAL STANDARD BOOK NUMBER | |
| International Standard Book Number | 9780802463456 |
| 050 ## - LIBRARY OF CONGRESS CALL NUMBER | |
| Classification number | HG 179 .B844 1998 |
| 245 ## - TITLE STATEMENT | |
| Title | Money matters for teens workbook : |
| Remainder of title | Age 11 - 14 edition / |
| Statement of responsibility, etc | Larry Burkett with Todd Temple. |
| 260 ## - PUBLICATION, DISTRIBUTION, ETC. (IMPRINT) | |
| Place of publication, distribution, etc | Chicago, IL : |
| Name of publisher, distributor, etc | Moody Publishers, |
| Date of publication, distribution, etc | c1998. |
| 300 ## - PHYSICAL DESCRIPTION | |
| Extent | 110 p. : |
| Other physical details | ill. ; |
| Dimensions | 28 cm. |
| 650 ## - SUBJECT ADDED ENTRY--TOPICAL TERM | |
| Topical term or geographic name as entry element | Teenagers--United States--Finance, Personal--Juvenile literature. |
| 650 ## - SUBJECT ADDED ENTRY--TOPICAL TERM | |
| Topical term or geographic name as entry element | Finance, Personal--Juvenile literature. |
| 650 ## - SUBJECT ADDED ENTRY--TOPICAL TERM | |
| Topical term or geographic name as entry element | Christians--Finance, Personal. |
| 700 ## - ADDED ENTRY--PERSONAL NAME | |
| Personal name | Temple, Todd. |
| 942 ## - ADDED ENTRY ELEMENTS (KOHA) | |
| Source of classification or shelving scheme | Library of Congress Classification |
| Koha item type | Books |
| Withdrawn status | Lost status | Source of classification or shelving scheme | Damaged status | Home library | Current library | Shelving location | Date acquired | Source of acquisition | Sub Shelving location | Total Checkouts | Full call number | Barcode | Date last seen | Date checked out | Price effective from | Koha item type |
|---|---|---|---|---|---|---|---|---|---|---|---|---|---|---|---|---|
| Library of Congress Classification | Luxembourg Library | Luxembourg Library | High School Section | 07/07/2016 | Library Fund | 2 | HG 179 .B844 1998 | 20250 | 12/13/2024 | 12/02/2024 | 07/07/2016 | Books |